LEADER 01811nam 2200409 n 450 001 996390052203316 005 20240530121501.0 035 $a(CKB)4940000000102899 035 $a(EEBO)2240924477 035 $a(UnM)99844248e 035 $a(UnM)99844248 035 $a(EXLCZ)994940000000102899 100 $a19910819d1633 uy | 101 0 $aeng 135 $aurbn#|||a|bb| 181 $ctxt$2rdacontent 182 $cc$2rdamedia 183 $acr$2rdacarrier 200 00$aScotlands vvelcome to her native sonne, and soveraigne lord, King Charles $ewherein is also contained, the maner of his coronation, and convocation of Parliament; the whole grievances, and abuses of the common-wealth of this kingdome, with diverse other relations, never heretofore published. Worthy to be by all the nobles and gentry perused; and to be layed vp in the hearts, and chests of the whole commouns, whose interests may best claime it, either in meane, or maner, from which their priuiledges, and fortunes are drawne, as from the loadstar of true direction. By William Lithgovv, the bonaventure, of Europe, Asia, and Africa 210 $aEdinburgh $cPrinted by Iohn Wreittoun. Cum privilegio$d[1633] 215 $a[64] p 300 $aIn verse. 300 $aPublication date from STC. 300 $aSignatures: *? A-G?. 300 $aThe first leaf is blank. 300 $aReproduction of the original in the British Library. 330 $aeebo-0018 700 $aLithgow$b William$f1582-1645?$01001006 702 $aWreittoun$b John$f-1640, 801 0$bCu-RivES 801 1$bCu-RivES 801 2$bCStRLIN 801 2$bWaOLN 906 $aBOOK 912 $a996390052203316 996 $aScotlands vvelcome to her native sonne, and soveraigne lord, King Charles$92321841 997 $aUNISA